000 01043cam a22003253a 4500
001 35649
003 PGUSA
005 20140828083752.0
008 110321s2011||||xxu|||||s|||||000 1 eng d
040 _aPGUSA
_beng
042 _adc
050 4 _aPZ
100 1 _aReid, Mayne,
_d1818-1883
245 1 4 _aThe Lost Mountain :
_bA Tale of Sonora
_h[electronic resource] /
_cMayne Reid
260 _bProject Gutenberg,
_c2011
506 _aPublic domain in the USA.
516 _aElectronic text
653 _aMountains -- Juvenile fiction
653 _aOutdoor life -- Juvenile fiction
653 _aCamping -- Juvenile fiction
653 _aRescues -- Juvenile fiction
653 _aCoyote -- Juvenile fiction
653 _aAdventure and adventurers -- Juvenile fiction
653 _aNatural history -- Juvenile fiction
653 _aIndians of North America -- Juvenile fiction
700 1 _aRiou, Edouard,
_d1833-1900
830 0 _aProject Gutenberg
_v35649
856 4 0 _uhttp://www.gutenberg.org/ebooks/35649
942 _cEB
999 _c264904
_d264904